[Event "Mumbai Mayors Cup 1st"]
[Site "Mumbai"]
[Date "2008.05.17"]
[Round "9"]
[White "Negi, VS."]
[Black "Prabhu, Anand"]
[Result "1/2-1/2"]
[WhiteElo "2140"]
[BlackElo "1828"]
[PlyCount "47"]
[EventDate "2008.05.11"]
[EventType "swiss"]
[EventRounds "11"]
[EventCountry "IND"]
[SourceTitle "CBM 124 Extra"]
[Source "ChessBase"]
[SourceDate "2008.07.03"]
[SourceVersion "1"]
[SourceVersionDate "2008.07.03"]
[SourceQuality "1"]

1. e4 d5 2. exd5 Nf6 3. d4 Bg4 4. Nf3 Qxd5 5. Be2 e6 6. 0-0 Nc6 7. c3 0-0-0 8. Qb3 Qd7 9. Nbd2 Bd6 10. Nc4 h6 11. Re1 Nd5 12. Ne3 Nxe3 13. fxe3 Bf5 14. Nd2 Qe7 15. Bf3 Bxh2+ 16. Kf1 Bd3+ 17. Be2 Bxe2+ 18. Kxe2 f5 19. a4 Rd7 20. a5 a6 21. Ra4 Qf7 22. Nf1 Bd6 23. Bd2 Nb8 24. Kd1 1/2-1/2